000 00760nam a2200229 a 4500
001 48134
003 BD-RjUL
005 20211209054451.0
008 160811s1994 bg ||||| |||| 00| 0 ben d
020 _a9844012066
_c: Tk.80.00
035 _a(BD-RjUL)48253
040 _aBD-RjUL
_bben
_cBD-RjUL
_dBD-RjUL
041 _aben
082 _223
_a891.444
_bHUO 1994
100 _aহক, জহুরুল
_9145745
245 1 0 _aঅস্তিত্বে একুশ /
_cজহুরুল হক,
260 _aঢাকা :
_bআগামী প্রকাশনী,
_c১৯৯৪
300 _a১৩৬ পৃ. ;
_c২৫ সেমি.
650 _aবাংলা প্রবন্ধ
_9145746
650 _aBengali Essays
_9145747
942 _2ddc
_cBK
999 _c48134
_d48134